00939nam a22002057a 450000500170000000800430001702000180006005000270007824501640010525000220026926001030029130000270039449000350042160000570045665000460051365000430055965000580060270000290066070000440068920230526123716.0230526b mx |||||||| |||| 00| 0 spa d a978607162615804aF1235.5.R49 bJ47 201500aJesús Reyes Heroles : bhombre de acción, hombre de historia / cestudio introductorio y selección Eugenia Meyer ; presentación Emilio Chuayffet Chemor aPrimera edición aMéxico, D. F. : bFondo de Cultura Económica : bSecretaría de Educación Pública, c2015 axxvii, 332 páginas ; aVida y pensamiento de México1 2lembaReyes Heroles, Jesúsd1921-1985xBiografía 72lembaPolíticos zMéxicoxBiografía 72lembaAbogadoszMéxicoxBiografías 72lembaMaestros universitarios zMéxicoxBiografía1 aMeyer, Eugenia, eeditor1 aChuayffet Chemor, Emilio, eprologuista